000 00524nam a2200181Ia 4500
005 20250326142212.0
008 250326s9999 xx 000 0 und d
037 _aTextbook
040 _aFMSL
_beng
_cFMSL
041 _aeng
_2eng
084 _aX:8K N1
_qFMSL
100 _aMaheswari S N
_9745725
245 0 _aElements of cost accounting
_cMaheswari S N; Mittal S N
260 _aNew Delhi
_bNew Delhi, Shree Mahavir Book Depot
_c2002
300 _a424p
942 _cTB
_hX:8K N1
999 _c1293914
_d1293914